000 01445cam a22002775a 4500
001 L142009
008 080121s2007 xxk f 000 0 eng d
020 _a9780721914428
035 _a(Sirsi) u142009
041 0 _aeng
050 0 4 _a347.4107 $2 18
100 1 _aBond, Catherine
245 0 4 _aThe expert witness
_ba practical guide
250 _a3rd ed.
260 _aCrayford
_bShaw & Sons
_c2007
300 _axv, 235p.
_c21cm.
505 2 _aExpert evidence in context -- The role of the expert -- Writing reports -- The expert witness at meetings -- The expert in court -- Payment of experts' fees
520 _aProvides a guide on best practice for consultants operating as experts in the courtroom. Explains how a good presentation of evidence can be made and thus prepares the expert for court processes and cross-examination. Describes the criminal court system, explaining the role of expert evidence in context. Explains the role of the expert in court, outlining the procedures which can be examined and covering typical questions. Covers experts' appearances in meetings. Also contains a section on the question of experts' fees and expenses.
521 2 _aAdvanced
651 4 _aUnited Kingdom
_y
690 _aMANAGEMENT-DISPUTE AVOIDANCE, MANAGEMENT AND RESOLUTION-DISPUTE MANAGEMENT AND RESOLUTION-EXPERT WITNESSES
700 1 _aSolon, Mark
700 1 _aHarper, Penny
700 1 _aDavies, Gill
942 _n0
999 _c107823
_d107823